|
|
|
|
| LEADER |
00000nam a2200000 a 4500 |
| 001 |
UCI2203 |
| 003 |
CL-VaPUC |
| 008 |
070810e20060000AG |||||||||||||||||spa|d |
| 020 |
|
|
|a 9789509009783
|
| 082 |
0 |
4 |
|a 232.901
|b PUI
|2 21
|
| 100 |
0 |
|
|a Puig, Armand
|e author
|9 523135
|
| 245 |
1 |
0 |
|a Jesús. Una biografía
|
| 250 |
|
|
|a 1a. ed
|
| 300 |
|
|
|a 662 p
|
| 942 |
|
|
|c BK
|
| 945 |
|
|
|d 20070810 00:00:00
|a rbrito
|
| 260 |
|
|
|a Buenos Aires
|b Edhasa
|c 2006
|
| 600 |
|
0 |
|a Jesucristo
|9 481811
|
| 650 |
|
0 |
|a Cristología
|9 315091
|
| 650 |
|
0 |
|a Biografías
|9 255210
|
| 583 |
|
|
|a last modification
|c 20070810 00:00:00
|k Rodrigo Vera
|
| 490 |
0 |
|
|a Biografía
|
| 999 |
|
|
|c 326841
|d 326839
|
| 952 |
|
|
|0 0
|1 0
|4 0
|6 232_901000000000000_PUI_2006
|7 0
|8 A
|9 409008
|a BIBTEO
|b BIBTEO
|d 2019-11-22
|i 436189K
|o 232.901 PUI 2006
|p 436189K
|r 2025-01-17
|w 2019-11-22
|y BK
|k ICR
|
| 952 |
|
|
|0 0
|1 0
|4 0
|6 232_901000000000000_PUI_2006
|7 0
|8 A
|9 409009
|a BIBHIS
|b BIBHIS
|d 2019-11-22
|i 4423941
|o 232.901 PUI 2006
|p 4423941
|r 2025-01-20
|w 2019-11-22
|y BK
|k HIS
|